<?xml version="1.0" encoding="UTF-8"?>
<collection xmlns="http://www.loc.gov/MARC21/slim">
 <record>
  <leader>00607nam a22001695a 4500</leader>
  <controlfield tag="001">EHU.bham008923</controlfield>
  <controlfield tag="003">AR-BHAM</controlfield>
  <controlfield tag="005">20100108104004.0</controlfield>
  <controlfield tag="008">130507s1975##################000#0#####d</controlfield>
  <datafield tag="082" ind1="8" ind2="6">
   <subfield code="a">864.4</subfield>
  </datafield>
  <datafield tag="100" ind1="1" ind2=" ">
   <subfield code="a">Feijoo Y Montenegro, Benito J.</subfield>
  </datafield>
  <datafield tag="245" ind1="1" ind2="0">
   <subfield code="a">Teatro critico universal. tomo 1 [espasa-calpe] /</subfield>
   <subfield code="c">Benito J. Feijoo Y Montenegro.</subfield>
  </datafield>
  <datafield tag="260" ind1=" " ind2=" ">
   <subfield code="a">Madrid :</subfield>
   <subfield code="b">Espasa-calpe,</subfield>
   <subfield code="c">1975</subfield>
  </datafield>
  <datafield tag="490" ind1="0" ind2=" ">
   <subfield code="a">Clasicos Castellanos 48,53,67</subfield>
  </datafield>
  <datafield tag="500" ind1=" " ind2=" ">
   <subfield code="a">Selecc., Prol. Y Notas De Agustin Millares Carlo</subfield>
  </datafield>
  <datafield tag="653" ind1=" " ind2=" ">
   <subfield code="a">Ensayo espaÑol-1701-1800</subfield>
  </datafield>
  <datafield tag="859" ind1=" " ind2=" ">
   <subfield code="a">AR-BHAM</subfield>
   <subfield code="b">BIB. HUMANIDADES - General</subfield>
   <subfield code="h">864.4</subfield>
   <subfield code="i">F324-1</subfield>
   <subfield code="p">18.90</subfield>
   <subfield code="t">Ej.1</subfield>
   <subfield code="v">I</subfield>
   <subfield code="3">I</subfield>
  </datafield>
 </record>
</collection>
